000 00574nam a22001937a 4500
005 20220212154718.0
008 220212b |||||||| |||| 00| 0 eng d
020 _a9386682052
_cRs.1900.00
040 _aLoreto College
041 _aEnglish
082 _a307.76
_bBHA
100 _aBhattacharya,Bimalendu
245 _aGlobal urban process
_bGrowth of towns and cities
_cBimalendu Bhattacharya
260 _aNew Delhi
_bConcept Publishing
_c2017
300 _axvii,481p
_b22cm
504 _aIncludes bibliographical references and index
850 _aLCLIB
942 _cBK
999 _c42914
_d93393